La función directiva como profesión / (Record no. 23408)

MARC details
000 -LEADER
campo de control de longitud fija 00628nam a2200193 i 4500
001 - NÚMERO DE CONTROL
campo de control 23408
003 - IDENTIFICADOR DE NÚMERO DE CONTROL
campo de control ES-MaACL
005 - FECHA Y HORA DE LA ÚLTIMA TRANSACCIÓN
campo de control 20230906152852.0
007 - CAMPO FIJO DE DESCRIPCIÓN FÍSICA--INFORMACIÓN GENERAL
campo de control de longitud fija t|
008 - DATOS DE LONGITUD FIJA--INFORMACIÓN GENERAL
campo de control de longitud fija 021210s1966 sp ||||1| spa d
100 1# - ENTRADA PRINCIPAL--NOMBRE DE PERSONA
Nombre de persona Allen, Louis A.
9 (RLIN) 19996
245 13 - MENCIÓN DEL TÍTULO
Título La función directiva como profesión /
Mención de responsabilidad, etc. Louis A. Allen ; traducción y adaptación, Alejandra Tcachuk, Gaspar de Vicente González.
260 ## - PUBLICACIÓN, DISTRIBUCIÓN, ETC.
Lugar de publicación, distribución, etc. Madrid :
Nombre del editor, distribuidor, etc. Castillo,
Fecha de publicación, distribución, etc. [1966]
300 ## - DESCRIPCIÓN FÍSICA
Extensión 357 p. ;
Dimensiones 24 cm.
650 #4 - PUNTO DE ACCESO ADICIONAL DE MATERIA--TÉRMINO DE MATERIA
Término de materia o nombre geográfico como elemento de entrada Ejecutivos.
9 (RLIN) 150045
700 1# - ENTRADA AGREGADA--NOMBRE PERSONAL
Nombre de persona Tcachuk, Alejandra.
9 (RLIN) 109482
700 1# - ENTRADA AGREGADA--NOMBRE PERSONAL
Nombre de persona Vicente González, Gaspar de.
9 (RLIN) 114359
852 ## - LOCALIZACIÓN
Ubicación ES-MaACL
Número de control de estantería C-31221
Holdings
Estatus retirado Estado de pérdida Estado de daño No para préstamo Biblioteca de origen Biblioteca actual Ubicación en estantería Fecha de adquisición Fuente de adquisición Total de préstamos Signatura topográfica completa Código de barras Visto por última vez Precio de reemplazo Tipo de ítem Koha
        Biblioteca del Ateneo de Madrid Biblioteca del Ateneo de Madrid Depósito 2 17/01/2008     C-31221 1024118 23/02/2023 23/02/2023 Libro impreso